Pro Sports Teams From States - Statistics

General Stats
  • This quiz has been taken 57 times
    46 since last reset
  • The average score is 8 of 15
Answer Stats
Answer % Correct
Minnesota Vikings
88%
Florida Panthers
76%
Arizona Cardinals
67%
Tennessee Titans
67%
Utah Jazz
58%
Texas Rangers
55%
Arizona Coyotes
48%
Arizona Diamondbacks
48%
Minnesota Timberwolves
48%
Colorado Avalanche
45%
Indiana Pacers
45%
Minnesota Wild
45%
New Jersey Devils
45%
Minnesota Twins
42%
Colorado Rockies
36%
No matching quizzes found
Score Distribution
Percent of People with Each Score
Percentile by Number Answered
Your Score History
You have not taken this quiz since the last reset